000 00786nam a2200205 a 4500
001 000034846
005 20200930073935.0
008 111020s1954 mx 000 0 spa d
040 _aDO-SdBNP
_bspa
_cBNPHU
082 _axxx
_bS251c
100 1 _aSarton, George
_960374
240 1 0 _aAncient science and modern civilization
_lespañol
245 1 0 _aCiencia antigua y civilización moderna /
_cGeorge Sarton ; traductor Concha Albornoz.
260 _aMéxico :
_bFondo de Cultura Económica,
_c1954.
300 _a132 p. ;
_c18 cm.
490 1 _aCiencia antigua y civilización moderna
_v155
590 _aPerteneció a la biblioteca personal de Juan Isidro Jimenes Grullón.
700 1 _aAlbornoz, Concha,
_etr.
_960375
830 0 _aCiencia antigua y civilización moderna
_v155
_960376
999 _c34337
_d34337